000 01239nam a22003857a 4500
001 000103582
003 CHAP
005 20220817044414.0
008 101202s2008 it a rn 00010 eng d
010 _a100045
011 _a101017
020 _a9789251060148
035 _a111703
040 _cCHAP
082 0 4 _a636.0896
_bF35 v.8
110 2 _aFAO
245 1 0 _aStandarizing land cover mapping for tsetse and trypanosomiasis decision making /
_c/por Giuliano Cecchi ...[et al.].
260 _aRome :
_bFAO,
_c2008.
300 _aix, 93 p. :
_bilus., tablas.
490 1 _aPAAT.
_pTechnical and scientific series
_v; 8
590 _aBATCH-UPD
_b10
_c20130110
_lUCH01
_h1142
590 _aCONVERSION
_b10
_c20130109
_lUCH01
_h1355
590 _aE5995AHE
_b05
_c20150603
_lUCH01
_h1443
650 0 4 _aAgricultura
_xPlagas.
_91764
650 0 4 _aGanado
_xPlagas.
650 1 4 _aControl de plagas.
_927595
650 1 4 _aCultivos de cobertura.
_930371
650 1 4 _aGlossina.
_948317
700 1 _aCecchi, Giuliano
_920812
830 0 0 _aPAAT.
_pTechnical and scientific series
_v; 8
_984507
901 _aBK
942 _cLIBRO
942 _n0
949 _a636.0896 F35 v.8
_bBC
_cFAO
_d33724002098462
_eFAO1
_gDonaciØn
_h113872
_i111703
_sb
999 _c100045
_d100045